LIBRARY ONLINE CATALOGUE

Academic library development / (Record no. 10207)

MARC details
000 -LEADER
fixed length control field 00647cam a22002172 4500
001 - CONTROL NUMBER
control field 0000024254
005 - DATE AND TIME OF LATEST TRANSACTION
control field 20151217152258.0
008 - FIXED-LENGTH DATA ELEMENTS--GENERAL INFORMATION
fixed length control field 130621s xx 000 0 eng d
020 ## - INTERNATIONAL STANDARD BOOK NUMBER
International Standard Book Number 8170001293 :
040 ## - CATALOGING SOURCE
Original cataloging agency KABU
Transcribing agency KABU
245 10 - TITLE STATEMENT
Title Academic library development /
Statement of responsibility, etc. editors, K.Rajasekharan, R. Raman Nair.
250 ## - EDITION STATEMENT
Edition statement 1st ed.
260 ## - PUBLICATION, DISTRIBUTION, ETC. (IMPRINT)
Place of publication, distribution, etc. New Delhi :
Name of publisher, distributor, etc. Ess Ess,
Date of publication, distribution, etc. 1991.
300 ## - PHYSICAL DESCRIPTION
Extent 94 p.
650 #0 - SUBJECT ADDED ENTRY--TOPICAL TERM
Topical term or geographic name as entry element Academic libraries.
-- 0000184247
700 1# - ADDED ENTRY--PERSONAL NAME
Personal name Rajasekharan, K.
-- 0000184248
700 1# - ADDED ENTRY--PERSONAL NAME
Personal name Nair, R. Raman.
-- 0000184249
852 1# - LOCATION
-- p1020 KES
908 ## - PUT COMMAND PARAMETER (RLIN)
Put command parameter 130621
950 ## - LOCAL HOLDINGS (RLIN)
-- 1
Holdings
Withdrawn status Lost status Source of classification or shelving scheme Not for loan Home library Current library Date acquired Total Checkouts Full call number Barcode Date last seen Price effective from Koha item type
    Library of Congress Classification   Kabarak, Main Campus Kabarak, Main Campus 17/12/2015   Z675 .U5A23 1991 c. 1 015274 02/07/2016 17/12/2015 General Collection